000 00823nam a2200241 a 4500
001 BRL_1474
005 20190320211226.0
008 230114s2001----mx-o######---#000-0#spa-#
020 _a9688354112
041 _aspa
044 _amx
050 4 _aGV1628.M49
_b.D36 2001
245 1 0 _aDanzas tradicionales
_b¿actualidad u obsolescencia?
_ccoordinadores Eduardo A. Sandoval Forero [y] Marcelino Castillo Nechar.
250 _a2a ed.
260 _aMéxico
_bUniversidad Autónoma del Estado de México
_c2001
300 _a203 p.
_bil., fotografías (blanco y negro)
_c21 cm.
500 _aAu1769
650 1 4 _aDanzas tradicionales mexicanas
_zMéxico (Estado)
_927034
700 1 _aSandoval Forero, Eduardo A.
_ecoord.
_927035
700 1 _aNechar Castillo, Marcelino
_ecoord.
_927036
902 _aGRL
942 _2lcc
_cB
999 _c10284
_d10284